000 00877nam a2200253Ia 4500
003 OSt
005 20220923215105.0
006 a|||||r|||| 00| 0
007 ta
008 220922b |||||||| |||| 00| 0 hin d
024 _a175,455
037 _cTextual
040 _aARTS
_cARTS
_bhin
041 _2hin
_ahin
082 _aO152:gN5, K9
100 _aशर्मा, रामगोपाल, संपा.
245 0 _aहिन्दी का समकालीन साहित्य
246 _aHindī kā samakālīn sāhitya
260 _aआगरा
_b समीक्षालोक कार्यालय
_c1969
300 _a144पृ.
_ccm.
650 _aहिन्दी साहित्य
_9156264
942 _hO152:gN5, K9
_cTEXL
_2CC
999 _c329159
_d329159